000 01220nam a2200337Ia 4500
005 20220317001828.0
008 170410s2008 m a g 000 j s
020 _a9789681676681
041 _aMUL
100 1 _aToledo, Natalia
_d1968-
245 1 0 _aDidxaguca' sti' lexu ne gueu' = Cuento del conejo y el coyote
_cversión de Natalia Toledo ; ilustrado por Francisco Toledo
250 _a2a. edición
300 _a41 páginas
_bilustraciones en color
_c28 cm
490 _aClásicos
500 _aEdición bilingüe zapoteca-español
650 1 4 _2LEMB
_aCuentos infantiles mexicanos
_ySiglo XX
650 1 4 _2LEMB
_aLiteratura infantil mexicana
_ySiglo XX
650 1 4 _2LEMB
_aAnimales en la literatura
650 1 4 _2LEMB
_aAstucia en la literatura
650 1 4 _2LEMB
_aMentiras en la literatura
650 1 4 _2LEMB
_aZapotecos en la literatura
650 1 4 _2LEMB
_aIndigenas de mexico en la literatura
700 _aToledo, Francisco
_977593
942 _2loc
_cBK
264 _aMéxico
_bFondo de Cultura Económica
_c2008
336 _atexto
_btxt
_2rdacontent
337 _asin mediación
_bn
_2rdamedia
338 _avolumen
_bnc
_2rdacarrier
040 _aCO-BoRNBP
_bspa
_erda
_cCO-BoRNBP
084 _aC TOL4
999 _c8229
_d8229